• 首页
  • 本馆介绍
  • 公告通知
  • 最新文献
  • 馆藏检索
  • 电子资源
  • 读者导购
  • 参考咨询
  • 我的图书馆
  • 登录
  • 详细信息显示
  • 放入我的书架
  • 预约/预借图书
  • 作者相关作品
  • 分类相关作品
  • 丛书相关作品
  • 出版社相关作品

书目信息

  • 表格格式
  • 工作单格式
  • 卡片格式
题名:
外国名科学家小传
    
 
作者: 阿西莫夫 著 ;徐效民 译
分册:  
出版信息: 北京   科学普及出版社  1982
页数: 116页
开本: 19cm
丛书名:
单 册:
中图分类: K812.1
科图分类:
主题词: 人物--传记--世界
电子资源:
ISBN:
000 00694nam0 2200241 45
001 0182001227
005 20060813091340.12
010    @dCNY0.34
091    @aCN@b13051.1248
100    @a19950413d1982 em y0chiy0121 ea
101 1  @achi@ceng
102    @aCN@b110000
105    @ay z 000yc
200 10 @a外国名科学家小传@Awai guo ming ke xue jia xiao zhuan@f(美)艾·阿西莫夫著@F(Mei)Ai·A Xi Mo Fu Zhu@g徐效民译
210    @a北京@c科学普及出版社@d1982
215    @a116页@d19cm
606    @a人物@x传记@y世界
690    @aK812.1@v3
701  1 @a阿西莫夫@b艾@4著
702  0 @a徐效民@4译
801  0 @aCN@b上海图书馆@c20060813
801  2 @aCN@bNLC@c20060731
905    @f1@b41920@dK812.1@e1
    
    外国名科学家小传/(美)艾·阿西莫夫著/徐效民译.-北京:科学普及出版社,1982
    116页;19cm
    
    
    ISBN :CNY0.34
    
●
相关链接 在E读中查询图书 在五车中查询图书 在当当中查询图书 在豆瓣中查询图书


正题名:外国名科学家小传     索取号:K812.1/1         预约/预借

序号 登录号 条形码 馆藏地/架位号 状态 备注
1 0041920   002033846   第二样本阅览室/ [索取号:K812.1/1] 在馆    
2 0443937   204439376   密集书库/ [索取号:K812.1/1] 在馆    
3 0443938   204439385   密集书库/ [索取号:K812.1/1] 在馆    
4 0443939   204439394   密集书库/ [索取号:K812.1/1] 在馆    
5 0456239   204562393   密集书库/ [索取号:K812.1/1] 在馆    
唐山师范学院图书馆 欢迎您!
大连网信软件有限公司© 版权所有